Multiple Choice City Quiz – Busan - Statistics

General Stats
  • This quiz has been taken 52 times
    47 since last reset
  • The average score is 5 of 10
Answer Stats
Question Answer % Correct
Busan is most famous for its... Beaches and ports
79%
The climate in Busan is classified as... Humid subtropical
79%
Which famous festival is held annually in Busan and celebrates global cinema? Busan International Film Festival
74%
What is the name of Busan’s largest university? Pusan National
63%
Which of these landmarks is known for its colorful houses and vibrant street art? Gamcheon Culture Village
58%
What role did Busan serve during the Korean War? Temporary capital
58%
What is a traditional food commonly associated with Busan? Dwaeji gukbap
53%
What river flows through Busan? Nakdong
47%
The coastline of Busan directly borders the... Korea Strait
21%
Which picture depicts Haeundae Beach, the largest beach in Busan?
16%
No matching quizzes found
Score Distribution
Percent of People with Each Score
Percentile by Number Answered
Your Score History
You have not taken this quiz since the last reset